01108nam a2200193Ia 4500001001000000003001000010008004100020040002500061041001300086100003300099245007900132250001100211260006600222300002800288500022500316501011400541520022500655650003400880L235-7340IT-CnALBA170116s9999||||xx |||||||||||||| ||und|| aIT-CnALBAcIT-CnALBA aITALIANO aGALLERANI P. ALESSANDRO, SJ. 0aLA BUONA MADRE OSSIA LE VIRTÙ E LE GLORIE DI MARIA VERGINE. . DISCORSI.  a4a ed. aARC. MODENA.bIMMAC. CONCEZ. TIP. PONT.c1902 [1° Ed.: n.d.] a334 p. (prefazione: 58) aMATERNITÀ DI MARIA. IMMACOLATA CONCEZIONE. NATIVITÀ. ANNUNZIAZIONE. PURIIFICAZIONE. VISITAZIONE. ADDOLORATA. TRANSITO DI MARIA. ASSUNZIONE. MADONNA DELLE GRAZIE. CARMINE. ROSARIO. LOURDES. MODELLO DI VITA CRISTIANA.  aSocietà San Paolo EM - Piazza San Paolo, 14 - 12051 ALBA (CN) (non commercial uses only) ® Copyright 2017 aMATERNITÀ DI MARIA. IMMACOLATA CONCEZIONE. NATIVITÀ. ANNUNZIAZIONE. PURIIFICAZIONE. VISITAZIONE. ADDOLORATA. TRANSITO DI MARIA. ASSUNZIONE. MADONNA DELLE GRAZIE. CARMINE. ROSARIO. LOURDES. MODELLO DI VITA CRISTIANA.  aMARIA SS. ANGELI SANTI DEMONI